00759nam a2200217 i 4500001000700000003000900007005001700016007000300033008004100036020001800077080001200095100002800107245010000135260003400235300002600269500002900295650004300324852003300367999001900400952012200419105880ES-MaACL20230906184011.0t|060906s1976 fr ||||1| fre d a2-7157-0265-5 a342.7391 aKardelj, Edvard.96755414aLes contradictions de la propriété sociale dans le système socialiste / cEdvard Kardelj. aParis : bAnthropos, c[1976] aIX, 220 p. ; c19 cm. aBiblioteca Juan Andrade. 4aPropiedad privada-zYugoslavia.916494 aES-MaACLjAND-705 bR.110001 c105880d105880 00104070aATENEOMbATENEOMcDEPO2d2008-01-17eSCl0oAND-705p1110539r2023-02-23 00:00:00w2023-02-23yMONOGRAFIA